|
|
|
|
| LEADER |
00000nam a2200000 a 4500 |
| 001 |
vtls010274364 |
| 003 |
SK-MaSNL |
| 005 |
20260311122008.0 |
| 008 |
240315s2008 gw n 000 0 ger |
| 015 |
|
|
|a SNBZSA2012-00373
|
| 020 |
|
|
|a 9783981241433
|q (brož.)
|
| 035 |
|
|
|a 561DA915-7887-4A1E-82A2-4E1081638548
|
| 035 |
|
|
|a urn:nbn:sk:snk-amjhp3
|
| 035 |
|
|
|a urn:nbn:sk:snk-am002bfl
|
| 040 |
|
|
|a SNK
|b slo
|c SNK
|e AACR2
|
| 041 |
1 |
|
|a ger
|h cze
|
| 043 |
|
|
|a e-cs---
|a e-xr---
|
| 044 |
|
|
|a gw
|c DE
|
| 072 |
|
7 |
|a 94(437)
|x Dejiny Česka a Slovenska
|2 snkph
|
| 080 |
|
|
|a 94(437)"19"
|2 2001
|
| 080 |
|
|
|a 94(437.3)
|2 2001
|
| 080 |
|
|
|a 32(091)
|2 2001
|
| 080 |
|
|
|a 930.1:159.953
|2 2001
|
| 100 |
1 |
|
|a Krystlík, Tomáš,
|d 1947-
|4 aut
|9 317990
|
| 245 |
1 |
0 |
|a Verschwiegene Geschichte
|n [Band I, 1918-1938-1948-1968]
|c Tomáš Krystlík ; herausgegeben von der Arbeitsgemeinschaft Sudetendeutscher Lehrer und Erzieher e.V., Pädagogischer Arbeitskreis für Mittel- und Osteuropa ; in Zusammenarbeit mit dem Heimatkreis Mies-Pilsen e.V., Dinkelsbühl und der Sudetenpost in Linz ; [Übersetzung aus dem Tschechischen Mathilde Najdek]
|
| 246 |
1 |
1 |
|a Zamlčené dějiny
|b 1918 - 1938 - 1948 - 1968
|
| 260 |
|
|
|a Dinkelsbühl
|b Heimatkreis Mies-Pilsen
|c c2009
|
| 300 |
|
|
|a vii, 315 s.
|c 19 cm
|
| 504 |
|
|
|a Bibliogr.
|
| 546 |
|
|
|a Súbež. názov na obálke čes.
|
| 650 |
0 |
7 |
|a politické dejiny
|2 snkph
|9 69271
|
| 650 |
0 |
7 |
|a historické vedomie
|2 snkph
|9 67362
|
| 651 |
|
7 |
|a Československo
|2 snkph
|9 21376
|
| 651 |
|
7 |
|a Česko
|2 snkph
|9 16753
|
| 655 |
|
7 |
|a štúdie
|2 snkph
|9 57033
|
| 700 |
1 |
|
|a Najdek, Mathilde
|4 trl
|9 327661
|
| 710 |
2 |
|
|a Arbeitsgemeinschaft Sudetendeutscher Lehrer und Erzieher e.V.
|4 pbl
|9 327662
|
| 919 |
|
|
|a 978-3-9812414-3-3
|
| 958 |
|
|
|a ZS
|
| 958 |
|
|
|a CZ
|
| 958 |
|
|
|a DE
|
| 958 |
|
|
|a OP
|
| 999 |
|
|
|c 577180
|d 579110
|
| 952 |
|
|
|a SNK
|b SNK
|y PREZ
|7 0
|p 17A0703169
|o snkSD 80217
|i snk2011/11566
|8 2
|g 18.90
|0 0
|1 0
|4 0
|d 2011-04-28
|l 0
|r 2025-11-27 00:00:00
|w 2026-02-23
|
| 952 |
|
|
|a SNK
|b SNK
|y VYP
|7 0
|p 17A1048884
|o snkSD 80217 D1
|i snk2012/17432
|8 2
|g 15.80
|0 0
|1 0
|4 0
|d 2012-07-20
|f 1
|l 0
|r 2017-06-30 00:00:00
|w 2026-02-23
|